| 000 | 01639nam a2200265Ia 4500 | ||
|---|---|---|---|
| 999 |
_c41340 _d41340 |
||
| 001 | 7998 | ||
| 003 | GE_BSU | ||
| 005 | 20240212160413.0 | ||
| 008 | 181216s2012ge xx |||||||||||||| ||geo|| | ||
| 020 | _a9789941411564. | ||
| 040 | _cGE_BSU | ||
| 041 | _ageo | ||
| 080 | _a614.253+147:61 ა-26 | ||
| 100 |
_aახალაძე,ადამი ( ვახტანგ;არქიმანდრიტი). _914970 |
||
| 245 |
_aბიოეთიკა : გენეზისი, არსი, მერმისი = Bioethics: Genesis, essence, futurity = Биоэтика : Генезис, сущность, будущность / _cადამი( ვახტანგ არქიმანდრიტი)ახალაძე ; რედ. მანანა ტუსკია ; ინგლ. ენაზე მთარგმნ. ნინო სანიკიძე ; ცისანა-მარიამ ბოცვაძე. |
||
| 264 |
_aთბილისი : _bსეზანი, _c2012. |
||
| 300 |
_a552 გვ. ; _c23 სმ. |
||
| 520 | _aთავფურცელი, რეზიუმე ინგლისურ და რუსულ ენებზე | ||
| 653 | _aბიოეთიკა | ||
| 653 | _aგენეზისი, არსი, მერმისი | ||
| 700 |
_aტუსკია, მანანა _eრედაქტორი _914976 |
||
| 700 |
_a სანიკიძე, ნინო _eმთარგმნელი _914977 |
||
| 700 |
_aბოცვაძე, ცისანა-მარიამ _eმთარგმნელი _914978 |
||
| 942 |
_cBK _2udc |
||